|
|
|
|
| LEADER |
02739nam a2200577 i 4500 |
| 001 |
nkc20223399793 |
| 003 |
CZ PrNK |
| 005 |
20220425111756.0 |
| 007 |
ta |
| 008 |
220303s2022 xr a g 6 000 1 cze |
| 015 |
|
|
|a cnb003399793
|
| 020 |
|
|
|a 978-80-7595-519-7
|q (vázáno)
|
| 035 |
|
|
|a (OCoLC)1315529128
|
| 040 |
|
|
|a ABG001
|b cze
|d BOA001
|d ABA001
|e rda
|
| 041 |
1 |
|
|a cze
|h eng
|
| 043 |
|
|
|a n-cn---
|
| 045 |
|
|
|a x-y-
|
| 072 |
|
7 |
|a 741.52
|x Komiksy. Komiksové adaptace
|2 Konspekt
|9 21
|
| 080 |
|
|
|a (=81/=82)
|2 MRF
|
| 080 |
|
|
|a 504
|2 MRF
|
| 080 |
|
|
|a (71-16)
|2 MRF
|
| 080 |
|
|
|a 741.52(0:82-4)
|2 MRF
|
| 100 |
1 |
|
|a Sacco, Joe,
|d 1960-
|7 xx0042051
|4 aut
|4 ill
|
| 240 |
1 |
0 |
|a Paying the land.
|l Česky
|
| 245 |
1 |
0 |
|a Zaplatit zemi /
|c Joe Sacco ; přeložil Viktor Janiš
|
| 250 |
|
|
|a První vydání v českém jazyce
|
| 264 |
|
1 |
|a Praha :
|b BB/art,
|c 2022
|
| 300 |
|
|
|a 266 stran :
|b ilustrace ;
|c 26 cm
|
| 336 |
|
|
|a text
|b txt
|2 rdacontent
|
| 336 |
|
|
|a statický obraz
|b sti
|2 rdacontent
|
| 337 |
|
|
|a bez média
|b n
|2 rdamedia
|
| 338 |
|
|
|a svazek
|b nc
|2 rdacarrier
|
| 500 |
|
|
|a Přeloženo z angličtiny
|
| 504 |
|
|
|a Obsahuje bibliografické odkazy
|
| 520 |
2 |
|
|a Reportážní komiks známého tvůrce se tentokrát věnuje ekologickým a domorodým problémům spjatými s kanadskými oblastmi.
|b V širokém údolí řeky Mackenzie žijí Denéové dle svého líčení od nepaměti. Denéové cítí, že oni patří zemi a ne naopak - země je klíčová pro jejich živobytí i vlastní způsob života. Jenže v Severozápadních teritoriích subarktické Kanady se rovněž nacházejí cenné přírodní zdroje včetně ropy, plynu a diamantů. S těžbou přišla pracovní místa a investice - ale také stavba silnic, potrubí a jedovatý odpad, které zjizvily krajinu, a alkohol, drogy a dluhy, které drasticky proměnily životní styl domorodých obyvatel. Nakladatelská anotace. Kráceno.
|
| 648 |
|
7 |
|a 20.-21. století
|7 ch462155
|2 czenas
|
| 650 |
0 |
7 |
|a Indiáni Severní Ameriky
|7 ph125493
|2 czenas
|
| 650 |
0 |
7 |
|a environmentální problémy
|7 ph119811
|z Kanada
|y 20.-21. století
|2 czenas
|
| 650 |
0 |
9 |
|a Indians of North America
|2 eczenas
|
| 650 |
0 |
9 |
|a environmental problems
|z Canada
|y 20th-21st centuries
|2 eczenas
|
| 651 |
|
7 |
|a Kanada severozápadní
|7 ge118036
|2 czenas
|
| 651 |
|
9 |
|a Canada, Northwestern
|2 eczenas
|
| 655 |
|
7 |
|a reportážní komiksy
|7 fd1057468
|2 czenas
|
| 655 |
|
9 |
|a reportage comics
|2 eczenas
|
| 700 |
1 |
|
|a Janiš, Viktor,
|d 1974-
|7 jn20010309502
|4 trl
|
| 910 |
2 |
|
|a BOA001
|b 3-1483.532
|
| 920 |
|
|
|a 4639549
|z ABG001
|
| 990 |
|
|
|a BK
|
| 995 |
|
|
|a 01
|
| 991 |
|
|
|b 202204
|c NOV
|
| 996 |
6 |
|
|b 2610897741
|c 3-1483.532
|l MZK
|r Sklad / do 1 hodiny
|n 2
|p p.v.
|w 001881824
|u 000010
|a 1
|e BOA001
|j MZK50
|s P
|